Statistics for Terraria Ankh Shield

Click here to take the quiz!

General Stats

  • This quiz has been taken 41 times
  • The average score is 10 of 17

Answer Stats

Answer% Correct
Cobalt Shield
88%
Bezoar
81%
Obsidian Skull
81%
Blindfold
78%
Megaphone
75%
Ankh Charm
66%
Fast Clock
63%
Armor Polish
59%
Nazar
59%
Trifold Map
59%
Obsidian Shield
56%
Vitamins
53%
Adhesive Bandage
50%
The Plan
50%
Countercurse Mantra
41%
Medicated Bandage
41%
Armor Bracing
31%

Score Distribution

Percentile by Number Answered

Percent of People with Each Score

Your Score History

You have not taken this quiz